Países da Ásia com um mapa vazio - Statistics

Estatísticas Gerais
  • Esse quiz foi jogado 441 vezes
  • A pontuação média é 40 de 48
Respostas no mapa
Respostas codificadas por cores de uma escala verde-vermelha no mapa do quiz de acordo com a % correta abaixo.
 
Estatísticas das Respostas
País % Correto
China
98%
Índia
95%
Mongólia
95%
Cazaquistão
94%
Japão
94%
Arábia Saudita
93%
Irã
93%
Coréia do Norte
92%
Coreia do Sul
92%
Iraque
92%
Paquistão
92%
Afeganistão
91%
Indonésia
90%
Israel
89%
Turquemenistão
89%
Nepal
88%
Omã
88%
Uzbequistão
88%
Iémen
87%
Butão
86%
Catar
86%
Laos
86%
Malásia
86%
Quirguistão
86%
Tailândia
86%
Turquia
85%
Bangladesh
84%
Emirados Árabes Unidos
84%
Síria
84%
Vietnã
84%
Azerbaijão
83%
Filipinas
83%
Jordânia
83%
Camboja
82%
Mianmar
82%
Taiwan
81%
Armênia
79%
Bahrein
78%
Geórgia
78%
Kuwait
76%
Singapura
76%
Sri Lanka
76%
Líbano
75%
Maldivas
75%
Brunei
69%
Timor Leste
68%
Chipre
66%
Tadjiquistão
40%
Nenhum quiz correspondente encontrado
Distribuição das Pontuações
Porcentagem de Pessoas com Cada Pontuação
Percentil de Números Respondidos
Sua Pontuação Histórica
Você não jogou esse quiz